Online Catalogue and eLibrary

Scientific socialism and democratic socialism (Record no. 2787)

MARC details
000 -LEADER
fixed length control field 00446nam a2200157Ia 4500
005 - DATE AND TIME OF LATEST TRANSACTION
control field 20240517040254.0
008 - FIXED-LENGTH DATA ELEMENTS--GENERAL INFORMATION
fixed length control field 240331s9999 xx 000 0 und d
082 ## - DDC Classification
Item Number - Author Mark MUN
Class No. 335
100 ## - MAIN ENTRY--PERSONAL NAME
Personal name Munroe, Trevor Dr
245 #0 - TITLE STATEMENT
Title Scientific socialism and democratic socialism
Remainder of title Two Talks to Workers
Statement of responsibility, etc. Dr Trevor, Munroe
260 ## - PUBLICATION, DISTRIBUTION, ETC.
Place of publication, distribution, etc. Jamica
Name of publisher, distributor, etc. Vanguard Publishers Ltd
Date of publication, distribution, etc. 1982
300 ## - PHYSICAL DESCRIPTION
Extent (e.g. Volumes, Pages etc.) ii, 74 p .,
650 ## - SUBJECT ADDED ENTRY--TOPICAL TERM
Topical term or geographic name entry element Social
650 ## - SUBJECT ADDED ENTRY--TOPICAL TERM
Topical term or geographic name entry element Political
942 ## - Koha item type (Biblio)
Koha item type Books in Stacks (Lending)
Holdings
Lost status Damaged status Collection code Home library Current library Shelving location Date acquired Full call number Accession Number Item type
    Lending WERC Library WERC Library Social Science Cupboard 03/31/2024 335 MUN 1680 Books in Stacks (Lending)

© WERC Library